[Event "Europa tch 2011 femenino"]
[Site "Porto Carras"]
[Date "2011.11.03"]
[Round "1.13"]
[White "Bensdorp, Marlies"]
[Black "Kaya, Emel"]
[Result "1/2-1/2"]
[WhiteElo "2242"]
[BlackElo "2005"]
[PlyCount "102"]
[EventDate "2011.11.03"]
[EventType "team"]
[EventRounds "9"]
[EventCountry "GRE"]
[Source "lmi"]
[SourceDate "2011.11.03"]

1. d4 d5 2. c4 dxc4 3. Nf3 Nf6 4. e3 e6 5. Bxc4 c5 6. O-O a6 7. Bb3 cxd4 8.
exd4 Be7 9. Nc3 Nc6 10. Bg5 O-O 11. Qd2 Na5 12. Bc2 b5 13. Rad1 Bb7 14. Qf4 g6
15. Bh6 Nh5 16. Qg4 Re8 17. Ne5 f5 18. Qh3 Bg5 19. Bxg5 Qxg5 20. Ne2 Rac8 21.
Bb1 Nf4 22. Nxf4 Qxf4 23. Nd7 Kg7 24. Nc5 Bd5 25. Rfe1 Nc4 26. Re2 e5 27. b3
Na3 28. Qg3 Qxg3 29. hxg3 a5 30. Nd3 exd4 31. Red2 Nxb1 32. Rxb1 Be4 33. Rbd1
Bxd3 34. Rxd3 Rc2 35. Rxd4 Ree2 36. Rf4 Rxa2 37. Rd7+ Kf6 38. g4 Ke5 39. g3
Reb2 40. gxf5 gxf5 41. Rxh7 Rxb3 42. Rf7 Rd2 43. R7xf5+ Kd6 44. Rf8 Rbb2 45.
R4f5 a4 46. Ra8 Ke6 47. g4 Rd4 48. Ra6+ Rd6 49. Ra5 Rd4 50. Ra6+ Rd6 51. Ra5
Rd4 1/2-1/2

[Event "Europa tch 2011 femenino"]
[Site "Porto Carras"]
[Date "2011.11.03"]
[Round "1.13"]
[White "Menzi, Nezihe Ezgi"]
[Black "Haast, Anne"]
[Result "0-1"]
[WhiteElo "1911"]
[BlackElo "2268"]
[PlyCount "94"]
[EventDate "2011.11.03"]
[EventType "team"]
[EventRounds "9"]
[EventCountry "GRE"]
[Source "lmi"]
[SourceDate "2011.11.03"]

1. e4 c5 2. Nf3 e6 3. d4 cxd4 4. Nxd4 Nc6 5. Nb5 d6 6. c4 a6 7. N5a3 Nf6 8. Nc3
Be7 9. Be3 O-O 10. Be2 Qc7 11. O-O b6 12. Qd2 Bb7 13. f3 Rfd8 14. Rfd1 Rac8 15.
Rac1 Ne5 16. Kh1 Ba8 17. Nc2 Qb8 18. b3 d5 19. cxd5 exd5 20. Nxd5 Bxd5 21. exd5
Nxd5 22. Bd4 b5 23. Ne3 Rxc1 24. Qxc1 Bg5 25. Qc5 Bxe3 26. Bxe3 Nxe3 27. Rxd8+
Qxd8 28. Qxe5 Nc2 29. Qe4 Nd4 30. Bd3 g6 31. h3 Qd6 32. Kg1 Ne6 33. Qa8+ Kg7
34. Be4 Qd4+ 35. Kh2 Qe5+ 36. Kg1 Qa1+ 37. Kh2 Qxa2 38. Qd5 Qb2 39. Qd6 Qa1 40.
b4 h5 41. Bb7 a5 42. Bd5 a4 43. Bxe6 Qf6 44. Qd5 Qxe6 45. Qxb5 a3 46. Qf1 Qe5+
47. f4 Qb2 0-1

[Event "Europa tch 2011 femenino"]
[Site "Porto Carras"]
[Date "2011.11.03"]
[Round "1.13"]
[White "Ozturk, Kubra"]
[Black "Lanchava, Tea"]
[Result "1-0"]
[WhiteElo "2239"]
[BlackElo "2320"]
[PlyCount "63"]
[EventDate "2011.11.03"]
[EventType "team"]
[EventRounds "9"]
[EventCountry "GRE"]
[Source "lmi"]
[SourceDate "2011.11.03"]

1. d4 g6 2. Nf3 Bg7 3. c4 d6 4. g3 Nd7 5. Bg2 e5 6. Nc3 Ne7 7. O-O O-O 8. e4
exd4 9. Nxd4 Nc6 10. Nde2 Nc5 11. Be3 Ne5 12. b3 Bg4 13. f3 Bd7 14. Qd2 a5 15.
Rad1 Ne6 16. h3 Re8 17. f4 Nc6 18. f5 Nf8 19. Nd5 f6 20. g4 g5 21. Bxg5 fxg5
22. f6 Re5 23. fxg7 Kxg7 24. Ng3 Be6 25. Nf5+ Kh8 26. Rf2 Ng6 27. Rdf1 Nb8 28.
Nd4 c6 29. Qb2 cxd5 30. Nxe6 Qb6 31. c5 dxc5 32. Rf8+ 1-0

[Event "Europa tch 2011 femenino"]
[Site "Porto Carras"]
[Date "2011.11.03"]
[Round "1.14"]
[White "Carlsen, Ellen Oen"]
[Black "Drljevic, Ljilja"]
[Result "0-1"]
[WhiteElo "1931"]
[BlackElo "2273"]
[PlyCount "66"]
[EventDate "2011.11.03"]
[EventType "team"]
[EventRounds "9"]
[EventCountry "GRE"]
[Source "lmi"]
[SourceDate "2011.11.03"]

1. e4 d6 2. d4 g6 3. Nc3 Bg7 4. Be3 c6 5. Qd2 b5 6. Bd3 Bb7 7. f4 Nd7 8. Nf3
Ngf6 9. h3 b4 10. Ne2 c5 11. Ng3 O-O 12. f5 d5 13. exd5 Bxd5 14. dxc5 Qc7 15.
Qf2 Rac8 16. Ba6 Rcd8 17. O-O Bxf3 18. Qxf3 Nxc5 19. Bc4 Na4 20. Bb3 Nxb2 21.
a3 Nc4 22. Bxc4 Qxc4 23. Rae1 bxa3 24. Bxa7 a2 25. c3 Nd5 26. Ne4 Nxc3 27. f6
Bxf6 28. Nxf6+ exf6 29. Qxf6 Ne2+ 30. Rxe2 Qxe2 31. Bd4 Rxd4 32. Qxd4 Rb8 33.
Qf4 Qxf1+ 0-1

[Event "Europa tch 2011 femenino"]
[Site "Porto Carras"]
[Date "2011.11.03"]
[Round "1.14"]
[White "Chelushkina, Irina"]
[Black "Reppen, Ellisiv"]
[Result "1-0"]
[WhiteElo "2276"]
[BlackElo "1949"]
[PlyCount "47"]
[EventDate "2011.11.03"]
[EventType "team"]
[EventRounds "9"]
[EventCountry "GRE"]
[Source "lmi"]
[SourceDate "2011.11.03"]

1. Nf3 Nf6 2. c4 g6 3. Nc3 c5 4. e3 Bg7 5. d4 cxd4 6. exd4 O-O 7. Be2 d5 8. c5
b6 9. cxb6 axb6 10. O-O Ba6 11. Ne5 Bxe2 12. Qxe2 Nfd7 13. Nf3 e6 14. Bg5 Bf6
15. Bf4 Nc6 16. Nb5 Ra5 17. Rfc1 Na7 18. Nd6 Qa8 19. Rc7 Nb8 20. Rxf7 Nac6 21.
Qxe6 Nd8 22. Rxf8+ Kxf8 23. Bh6+ Bg7 24. Qe8# 1-0

[Event "Europa tch 2011 femenino"]
[Site "Porto Carras"]
[Date "2011.11.03"]
[Round "1.14"]
[White "Eric, Jovana"]
[Black "Hansen, Erle Andrea Marki"]
[Result "1-0"]
[WhiteElo "2236"]
[BlackElo "1762"]
[PlyCount "91"]
[EventDate "2011.11.03"]
[EventType "team"]
[EventRounds "9"]
[EventCountry "GRE"]
[Source "lmi"]
[SourceDate "2011.11.03"]

1. e4 c5 2. Nf3 Nc6 3. Nc3 d6 4. g3 g6 5. Bg2 Bg7 6. O-O Nf6 7. d3 O-O 8. h3
Bd7 9. Be3 a6 10. d4 cxd4 11. Nxd4 Rc8 12. Nb3 Ne5 13. Bd4 Nc6 14. Be3 Ne5 15.
Qe2 Nc4 16. Bc1 b5 17. a3 Ne8 18. Nd1 Be6 19. Rb1 Qd7 20. Kh2 Qc7 21. c3 Ne5
22. Nd2 Nf6 23. Ne3 Nc4 24. Ndxc4 bxc4 25. f4 Bd7 26. g4 Bb5 27. g5 Nd7 28. Nd5
Qd8 29. Kh1 Nc5 30. f5 e6 31. f6 exd5 32. fxg7 Re8 33. Qf3 Qe7 34. exd5 Kxg7
35. Bd2 Nd3 36. Qg3 Qe5 37. Qh4 Kg8 38. Rxf7 h5 39. Rf6 Kg7 40. Rbf1 Rc7 41.
R6f3 Bd7 42. Re3 Qxe3 43. Bxe3 Rxe3 44. Qd4+ Re5 45. Qb6 Rc8 46. Qxd6 1-0

[Event "Europa tch 2011 femenino"]
[Site "Porto Carras"]
[Date "2011.11.03"]
[Round "1.14"]
[White "Johnsen, Sylvia"]
[Black "Bojkovic, Natasa"]
[Result "0-1"]
[WhiteElo "2028"]
[BlackElo "2396"]
[PlyCount "52"]
[EventDate "2011.11.03"]
[EventType "team"]
[EventRounds "9"]
[EventCountry "GRE"]
[Source "lmi"]
[SourceDate "2011.11.03"]

1. c4 Nf6 2. Nc3 e6 3. d4 Bb4 4. Nf3 c5 5. d5 d6 6. Bg5 h6 7. Bd2 O-O 8. a3
Bxc3 9. Bxc3 Ne4 10. Qd3 Nxc3 11. Qxc3 exd5 12. cxd5 Nd7 13. e3 Nf6 14. O-O-O
Rb8 15. Qc2 b5 16. e4 Re8 17. Nd2 b4 18. f3 bxa3 19. bxa3 Nd7 20. h4 Nb6 21. g4
Bd7 22. Bc4 Qf6 23. Ba2 Ba4 24. Bb3 Qa1+ 25. Nb1 Bxb3 26. Qxb3 Nc4 0-1

[Event "Europa tch 2011 femenino"]
[Site "Porto Carras"]
[Date "2011.11.04"]
[Round "2.1"]
[White "Gara, Ticia"]
[Black "Gunina, Valentina"]
[Result "1/2-1/2"]
[WhiteElo "2375"]
[BlackElo "2514"]
[PlyCount "146"]
[EventDate "2011.11.03"]
[EventType "team"]
[EventRounds "9"]
[EventCountry "GRE"]
[Source "lmi"]
[SourceDate "2011.11.03"]

1. e4 c6 2. d4 d5 3. exd5 cxd5 4. c4 Nf6 5. Nc3 g6 6. Qb3 Bg7 7. cxd5 O-O 8.
Be2 Na6 9. Bf3 Qb6 10. Qxb6 axb6 11. Nge2 Nb4 12. O-O Rd8 13. d6 Rxd6 14. Bf4
Rd7 15. Be5 Nfd5 16. Bxg7 Kxg7 17. a3 Nxc3 18. bxc3 Nc6 19. Nf4 Ra5 20. Nd3 Rc7
21. Nf4 e6 22. Rfb1 Ne7 23. Rb3 Ra4 24. Ne2 Ra6 25. Rab1 Nd5 26. h3 h5 27. Bxd5
exd5 28. Nf4 Ra5 29. Re1 Rc6 30. Nd3 Bf5 31. Nb4 Re6 32. Kf1 h4 33. Rxe6 fxe6
34. Ke2 Be4 35. f3 Bf5 36. Nd3 Bxd3+ 37. Kxd3 b5 38. Ke3 g5 39. f4 Kf6 40. Kf3
Kf5 41. fxg5 Kxg5 42. g3 hxg3 43. Kxg3 Kf5 44. Kf3 Ra8 45. h4 b4 46. axb4 Rh8
47. Rb1 Rxh4 48. Ke3 Kf6 49. Ra1 Rh7 50. Ra7 Kf5 51. Kf3 Rh4 52. Ke3 Kf6 53.
Ra1 Rh7 54. Ra7 Kf5 55. Kd3 Kf4 56. Ra1 Rh3+ 57. Kc2 Ke4 58. Rg1 Rh2+ 59. Kb3
Re2 60. Rg7 b5 61. Rb7 e5 62. dxe5 d4 63. cxd4 Re3+ 64. Kb2 Kxd4 65. Rxb5 Kc4
66. Rb8 Rxe5 67. Ka3 Re1 68. Rc8+ Kb5 69. Rc5+ Kb6 70. Kb3 Rb1+ 71. Kc4 Rc1+
72. Kd5 Rd1+ 73. Kc4 Rc1+ 1/2-1/2

[Event "Europa tch 2011 femenino"]
[Site "Porto Carras"]
[Date "2011.11.04"]
[Round "2.1"]
[White "Hoang, Thanh Trang"]
[Black "Kosintseva, Nadezhda"]
[Result "1/2-1/2"]
[WhiteElo "2446"]
[BlackElo "2546"]
[PlyCount "159"]
[EventDate "2011.11.03"]
[EventType "team"]
[EventRounds "9"]
[EventCountry "GRE"]
[Source "lmi"]
[SourceDate "2011.11.03"]

1. d4 Nf6 2. Bg5 d5 3. Bxf6 exf6 4. e3 Bd6 5. c4 dxc4 6. Bxc4 O-O 7. Nc3 f5 8.
Nf3 Nd7 9. Qc2 Nf6 10. Bd3 g6 11. h4 c6 12. O-O-O Qe7 13. h5 b5 14. hxg6 fxg6
15. Kb1 Rb8 16. e4 b4 17. e5 bxc3 18. exd6 Qxd6 19. Qxc3 Nd5 20. Qd2 Rf7 21.
Rde1 Rfb7 22. b3 Be6 23. Bc4 f4 24. Kb2 Rb4 25. Ng5 Bf5 26. Ka1 Rxc4 27. bxc4
Nb4 28. Rc1 Nc2+ 29. Rxc2 Bxc2 30. c5 Qd5 31. Nxh7 Qf5 32. Qc3 Rb1+ 33. Rxb1
Bxb1 34. Nf6+ Qxf6 35. Kxb1 Qf5+ 36. Qc2 Qf6 37. Qc3 Qf5+ 38. Qc2 Qg4 39. f3
Qh5 40. Kb2 Kh7 41. Qe4 Qg5 42. Kb3 Qxg2 43. Qxf4 Qe2 44. Qe4 Qd1+ 45. Kc3 Qa1+
46. Kd3 Qd1+ 47. Ke3 Qe1+ 48. Kd3 Qd1+ 49. Kc3 Qa1+ 50. Kd2 Qxa2+ 51. Ke3 Qb3+
52. Kf4 Qb8+ 53. Qe5 Qf8+ 54. Ke4 Qf7 55. d5 cxd5+ 56. Qxd5 Qe7+ 57. Kd3 Kg7
58. c6 Kf8 59. Kd4 Qc7 60. Kc4 Ke7 61. Qe4+ Kf7 62. Qd5+ Ke7 63. Qc5+ Ke6 64.
Kb5 g5 65. Qe3+ Kf7 66. Qe4 Kf6 67. Qd5 Qb6+ 68. Kc4 Qc7 69. Qd4+ Ke6 70. Qd5+
Kf6 71. Qc5 Ke6 72. Kb5 Kf6 73. Qf8+ Kg6 74. Qe8+ Kf6 75. Qh8+ Kf5 76. Qh3+ Kf6
77. Qh6+ Kf5 78. Qf8+ Ke6 79. Qg8+ Kf6 80. Qf8+ 1/2-1/2

[Event "Europa tch 2011 femenino"]
[Site "Porto Carras"]
[Date "2011.11.04"]
[Round "2.1"]
[White "Kosintseva, Tatiana"]
[Black "Rudolf, Anna"]
[Result "1-0"]
[WhiteElo "2526"]
[BlackElo "2347"]
[PlyCount "113"]
[EventDate "2011.11.03"]
[EventType "team"]
[EventRounds "9"]
[EventCountry "GRE"]
[Source "lmi"]
[SourceDate "2011.11.03"]

1. e4 c6 2. d4 d5 3. e5 Bf5 4. Nf3 e6 5. Be2 Ne7 6. O-O Bg6 7. Nbd2 Nf5 8. Nb3
Nd7 9. a4 h5 10. a5 Be7 11. Bf4 O-O 12. Ne1 h4 13. g4 hxg3 14. hxg3 c5 15. dxc5
Nxc5 16. Nxc5 Bxc5 17. c3 a6 18. Nd3 Ba7 19. Kg2 Rc8 20. Rh1 d4 21. c4 Rxc4 22.
Rh3 Rc8 23. Bf3 Ne7 24. Qh1 f6 25. exf6 gxf6 26. Rd1 Kf7 27. Rh6 Rh8 28. Rxh8
Qxh8 29. Qxh8 Rxh8 30. Bxb7 e5 31. Bc1 Rb8 32. Bxa6 Be4+ 33. f3 Bd5 34. b4 e4
35. fxe4 Bxe4+ 36. Kf2 Bxd3 37. Bxd3 Rxb4 38. Rh1 Ra4 39. a6 Ke6 40. Rh8 Bc5
41. g4 Nc6 42. Bf4 Ne5 43. Bxe5 fxe5 44. Re8+ Kd5 45. g5 Ra2+ 46. Kf3 Ra3 47.
Rd8+ Ke6 48. Ke4 Ra1 49. Bc4+ Ke7 50. Rd5 Bb6 51. Rxe5+ Kd6 52. Rd5+ Kc7 53. g6
Rg1 54. Kf5 Rg3 55. Kf6 Rf3+ 56. Rf5 Rg3 57. g7 1-0

[Event "Europa tch 2011 femenino"]
[Site "Porto Carras"]
[Date "2011.11.04"]
[Round "2.1"]
[White "Kosteniuk, Alexandra"]
[Black "Gara, Anita"]
[Result "1-0"]
[WhiteElo "2439"]
[BlackElo "2340"]
[PlyCount "83"]
[EventDate "2011.11.03"]
[EventType "team"]
[EventRounds "9"]
[EventCountry "GRE"]
[Source "lmi"]
[SourceDate "2011.11.03"]

1. e4 c5 2. Nf3 d6 3. d4 cxd4 4. Nxd4 Nf6 5. Nc3 g6 6. Be3 a6 7. f3 b5 8. Qd2
Bb7 9. a4 b4 10. Nd1 e5 11. Nb3 d5 12. Bc5 Bxc5 13. Nxc5 Bc6 14. Qxb4 O-O 15.
Nf2 a5 16. Qc3 Qb6 17. Bd3 Rc8 18. Qxe5 Nbd7 19. Nxd7 Qe3+ 20. Kf1 Nxd7 21. Qd6
dxe4 22. fxe4 Rab8 23. b3 Rb6 24. Re1 Qh6 25. Qd4 Qf4 26. Qe3 Qf6 27. Kg1 Bb7
28. e5 Qh4 29. Bc4 Re8 30. Nd3 Qg4 31. Qf2 Re7 32. h3 Qg5 33. h4 Qg4 34. Rh3
Qh5 35. Rg3 Qh6 36. Qd4 Ba6 37. Nc5 Bxc4 38. Nxd7 Rxd7 39. Qxd7 Qxh4 40. Qg4
Qxg4 41. Rxg4 Be6 42. Rd4 1-0

[Event "Europa tch 2011 femenino"]
[Site "Porto Carras"]
[Date "2011.11.04"]
[Round "2.2"]
[White "Djingarova, Emilia"]
[Black "Ushenina, Anna"]
[Result "0-1"]
[WhiteElo "2309"]
[BlackElo "2463"]
[PlyCount "100"]
[EventDate "2011.11.03"]
[EventType "team"]
[EventRounds "9"]
[EventCountry "GRE"]
[Source "lmi"]
[SourceDate "2011.11.03"]

1. Nf3 g6 2. g3 Bg7 3. d4 d6 4. Bg2 Nd7 5. c4 e5 6. Nc3 Ne7 7. O-O exd4 8. Nxd4
O-O 9. Qd2 Nc5 10. b3 a5 11. Bb2 c6 12. Rad1 Qc7 13. Qc2 Rd8 14. Rd2 Bd7 15.
Rfd1 Be8 16. Qb1 Nc8 17. Nc2 Qe7 18. Ne3 f5 19. Ba1 Bf7 20. Qc2 Nb6 21. g4 f4
22. Nf1 Be5 23. Ne4 Bxa1 24. Rxa1 Nxe4 25. Bxe4 d5 26. cxd5 Bxd5 27. Bxd5+ Rxd5
28. Rxd5 Nxd5 29. Qc4 Re8 30. Re1 Qb4 31. Rc1 Re4 32. Qd3 Qd4 33. Qxd4 Rxd4 34.
Kg2 a4 35. Kf3 a3 36. e3 fxe3 37. fxe3 Rd3 38. Ke4 Rc3 39. Rd1 Rxb3 40. Ke5 Rb2
41. e4 Nb6 42. Ne3 Kf7 43. Kd6 Rxa2 44. g5 Re2 45. Rf1+ Ke8 46. Ng4 a2 47. e5
Nc4+ 48. Ke6 Kd8 49. Rf8+ Kc7 50. Ra8 Kb6 0-1

[Event "Europa tch 2011 femenino"]
[Site "Porto Carras"]
[Date "2011.11.04"]
[Round "2.2"]
[White "Muzychuk, Mariya"]
[Black "Nikolova, Adriana"]
[Result "1/2-1/2"]
[WhiteElo "2460"]
[BlackElo "2286"]
[PlyCount "89"]
[EventDate "2011.11.03"]
[EventType "team"]
[EventRounds "9"]
[EventCountry "GRE"]
[Source "lmi"]
[SourceDate "2011.11.03"]

1. e4 c5 2. Nf3 d6 3. d4 cxd4 4. Nxd4 Nf6 5. Nc3 a6 6. Be3 e5 7. Nf3 Be7 8. Bc4
O-O 9. O-O Nc6 10. Bb3 h6 11. Qe2 Be6 12. Rfd1 Rc8 13. Rd2 Qc7 14. Rad1 Na5 15.
Nh4 Nc4 16. Bxc4 Qxc4 17. Nf5 Bxf5 18. Qxc4 Rxc4 19. exf5 Rfc8 20. Re2 b5 21.
a3 Kf8 22. g3 d5 23. Nxd5 Nxd5 24. Rxd5 Rxc2 25. Kf1 Rxe2 26. Kxe2 Rc2+ 27. Rd2
Rc4 28. f4 exf4 29. Bxf4 Bg5 30. Bxg5 hxg5 31. h3 Ke7 32. Kf3 b4 33. Rd3 Kf6
34. Rd6+ Kxf5 35. Rxa6 Rc2 36. g4+ Ke5 37. Ra5+ Kf6 38. axb4 Rxb2 39. Rf5+ Kg6
40. b5 Rb3+ 41. Kg2 f6 42. Rc5 Kf7 43. Rc7+ Ke6 44. Rxg7 Rxb5 45. Ra7 1/2-1/2

[Event "Europa tch 2011 femenino"]
[Site "Porto Carras"]
[Date "2011.11.04"]
[Round "2.2"]
[White "Zhukova, Natalia"]
[Black "Videnova, Iva"]
[Result "1/2-1/2"]
[WhiteElo "2427"]
[BlackElo "2297"]
[PlyCount "131"]
[EventDate "2011.11.03"]
[EventType "team"]
[EventRounds "9"]
[EventCountry "GRE"]
[Source "lmi"]
[SourceDate "2011.11.03"]

1. d4 c5 2. d5 g6 3. e4 Bg7 4. Nf3 d6 5. Be2 Nf6 6. O-O O-O 7. Nc3 Na6 8. h3
Nc7 9. a4 b6 10. Re1 a6 11. Bc4 Bb7 12. Qd3 Qd7 13. Bf4 Rad8 14. Rab1 Qc8 15.
Qd2 Rfe8 16. Bh6 Bh8 17. Ng5 Bg7 18. Bxg7 Kxg7 19. b4 h6 20. bxc5 hxg5 21. c6
Ba8 22. Qxg5 e6 23. Re3 exd5 24. exd5 Rxe3 25. Qxe3 b5 26. axb5 axb5 27. Nxb5
Ncxd5 28. Bxd5 Nxd5 29. Qd4+ Nf6 30. c7 Rh8 31. Rb3 Qd7 32. Nxd6 Qxc7 33. Nf5+
gxf5 34. Rg3+ Qxg3 35. fxg3 Re8 36. Qf4 Kg6 37. h4 Nh7 38. g4 fxg4 39. Qxg4+
Kf6 40. Qd4+ Kg6 41. Qg4+ Kh6 42. Qd7 Re2 43. g4 Be4 44. Kf1 Rxc2 45. Qd6+ Bg6
46. h5 Rc1+ 47. Kg2 Rc2+ 48. Kg3 Rc3+ 49. Kh4 Rf3 50. Qd2+ Kg7 51. h6+ Kg8 52.
Qd4 Nf6 53. Qd8+ Kh7 54. Qf8 Ne8 55. Qxe8 Kxh6 56. Qh8+ Bh7 57. Qf8+ Kg6 58.
Qd8 Kg7 59. Qd4+ Kg8 60. Qc5 Rd3 61. Kg5 Bg6 62. Qc6 Kg7 63. Qf6+ Kf8 64. Qh8+
Ke7 65. Qe5+ Kd7 66. Qb5+ 1/2-1/2

[Event "Europa tch 2011 femenino"]
[Site "Porto Carras"]
[Date "2011.11.04"]
[Round "2.3"]
[White "Dzagnidze, Nana"]
[Black "Socko, Monika"]
[Result "1/2-1/2"]
[WhiteElo "2516"]
[BlackElo "2479"]
[PlyCount "89"]
[EventDate "2011.11.03"]
[EventType "team"]
[EventRounds "9"]
[EventCountry "GRE"]
[Source "lmi"]
[SourceDate "2011.11.03"]

1. d4 Nf6 2. c4 e6 3. Nc3 Bb4 4. e3 O-O 5. Nge2 d5 6. a3 Be7 7. cxd5 exd5 8. g3
a5 9. Bg2 c6 10. O-O Na6 11. Nf4 Nc7 12. f3 c5 13. Na4 Na6 14. dxc5 Nxc5 15.
Nc3 Be6 16. g4 h6 17. h4 Bd6 18. Nce2 a4 19. Nd4 Nfd7 20. h5 Nb6 21. Rf2 Qf6
22. Bf1 Rfd8 23. Nfxe6 fxe6 24. Bd2 Nc4 25. Rc1 Bg3 26. Rg2 Be5 27. Bxc4 dxc4
28. Rxc4 Nb3 29. Bc3 Bxd4 30. exd4 Rd5 31. Rf2 e5 32. Rxa4 Rxa4 33. Qxb3 Qc6
34. dxe5 b5 35. Re2 Qe6 36. Kf2 Rc4 37. Re3 Qe7 38. a4 Kh8 39. axb5 Qh4+ 40.
Kg2 Rxg4+ 41. fxg4 Qxg4+ 42. Kf2 Qh4+ 43. Kg2 Qg4+ 44. Kf2 Qh4+ 45. Kg2 1/2-1/2

[Event "Europa tch 2011 femenino"]
[Site "Porto Carras"]
[Date "2011.11.04"]
[Round "2.3"]
[White "Paikidze, Nazi"]
[Black "Szczepkowska-H., Karina"]
[Result "0-1"]
[WhiteElo "2422"]
[BlackElo "2379"]
[PlyCount "120"]
[EventDate "2011.11.03"]
[EventType "team"]
[EventRounds "9"]
[EventCountry "GRE"]
[Source "lmi"]
[SourceDate "2011.11.03"]

1. d4 d5 2. Nf3 e6 3. c4 c5 4. cxd5 exd5 5. Nc3 Nc6 6. g3 Nf6 7. Bg2 Be7 8. O-O
O-O 9. Be3 c4 10. Ne5 Be6 11. h3 a6 12. Nxc4 dxc4 13. d5 Qc8 14. dxc6 bxc6 15.
Qa4 Rb8 16. Bd4 c5 17. Be5 Rb4 18. Qc2 Bxh3 19. e4 Bxg2 20. Kxg2 Qe6 21. Bf4
Bd6 22. Bxd6 Qxd6 23. Rad1 Qe5 24. Qe2 h5 25. f4 Qe6 26. e5 Ng4 27. Rd6 Qc8 28.
Rd2 Qb7+ 29. Kg1 Rb8 30. Rb1 Rb6 31. Qe4 Qxe4 32. Nxe4 Ne3 33. Re2 Nf5 34. Rc2
Nd4 35. Rxc4 Rxb2 36. Rxb2 Rxb2 37. Rxc5 Rxa2 38. Ng5 Rc2 39. Rd5 Ne2+ 40. Kf1
Nxg3+ 41. Ke1 Rc8 42. Rd7 h4 43. Kf2 f6 44. Ne6 Nf5 45. Nc7 fxe5 46. fxe5 a5
47. e6 a4 48. e7 Nxe7 49. Rxe7 a3 50. Ne6 Rc2+ 51. Kf3 h3 52. Ng5 Kf8 53. Re1
h2 54. Ne4 a2 55. Ra1 Rb2 56. Nf2 Kf7 57. Kg3 Ke6 58. Kf3 Kd5 59. Ke3 Kc4 60.
Rc1+ Kb3 0-1

[Event "Europa tch 2011 femenino"]
[Site "Porto Carras"]
[Date "2011.11.04"]
[Round "2.3"]
[White "Toma, Katarzyna"]
[Black "Khurtsidze, Nino"]
[Result "0-1"]
[WhiteElo "2297"]
[BlackElo "2440"]
[PlyCount "112"]
[EventDate "2011.11.03"]
[EventType "team"]
[EventRounds "9"]
[EventCountry "GRE"]
[Source "lmi"]
[SourceDate "2011.11.03"]

1. e4 d5 2. exd5 Qxd5 3. Nc3 Qd6 4. Bc4 Nc6 5. d3 a6 6. a4 Nf6 7. Nge2 g6 8.
O-O Bg7 9. h3 O-O 10. Bf4 e5 11. Be3 Nd4 12. Ng3 Bd7 13. Nce4 Nxe4 14. Nxe4 Qc6
15. a5 Bf5 16. Nd2 Rad8 17. Re1 h6 18. Qb1 Kh7 19. b4 e4 20. dxe4 Bxe4 21. Nxe4
Qxc4 22. Bxd4 Rxd4 23. c3 Rd3 24. Ra3 Kh8 25. Nc5 Rxc3 26. Rxc3 Bxc3 27. Rc1
Qxb4 28. Qxb4 Bxb4 29. Nxb7 c5 30. Kf1 Rb8 31. Nd6 Kg7 32. Nc4 Rb5 33. Ra1 Bc3
34. Ra3 Bd4 35. Ra2 Rb4 36. Rc2 Kf6 37. Ke2 Ke6 38. g3 Kd5 39. Nb6+ Kc6 40. Nc4
f6 41. h4 Kb5 42. Kd3 Rb3+ 43. Ke4 Rc3 44. Rxc3 Bxc3 45. Kd5 Bxa5 46. Nxa5 Kxa5
47. Kxc5 h5 48. f3 f5 49. f4 Ka4 50. Kd6 a5 51. Ke6 Kb5 52. Kf6 a4 53. Kxg6 a3
54. Kxf5 a2 55. Kg5 a1=Q 56. Kxh5 Qh8+ 0-1

[Event "Europa tch 2011 femenino"]
[Site "Porto Carras"]
[Date "2011.11.04"]
[Round "2.3"]
[White "Zawadzka, Jolanta"]
[Black "Javakhishvili, Lela"]
[Result "0-1"]
[WhiteElo "2326"]
[BlackElo "2475"]
[PlyCount "84"]
[EventDate "2011.11.03"]
[EventType "team"]
[EventRounds "9"]
[EventCountry "GRE"]
[Source "lmi"]
[SourceDate "2011.11.03"]

1. e4 c5 2. Nf3 e6 3. d4 cxd4 4. Nxd4 a6 5. Nc3 b5 6. Bd3 Qb6 7. Nb3 Qc7 8. Qe2
Bb7 9. O-O Nf6 10. f4 b4 11. Nd1 a5 12. Nf2 a4 13. Nd4 Qb6 14. Nb5 Bc5 15. c4
h5 16. Kh1 Na6 17. Bd2 O-O 18. Rae1 Bxf2 19. Rxf2 Bxe4 20. Be3 Nc5 21. Bxe4
Nfxe4 22. Rff1 d5 23. cxd5 exd5 24. Nd4 Nf6 25. Nf5 Rfe8 26. Qf3 Qe6 27. Nxg7
Kxg7 28. Qg3+ Qg4 29. Qxg4+ hxg4 30. Bxc5 b3 31. axb3 axb3 32. Kg1 Rxe1 33.
Rxe1 Ne4 34. Bd4+ Kg6 35. g3 Rc8 36. Rd1 Rc2 37. Be3 Rxb2 38. Rxd5 Re2 39. f5+
Kh7 40. Bd4 b2 41. Bxb2 Rxb2 42. Rd4 Ng5 0-1

[Event "Europa tch 2011 femenino"]
[Site "Porto Carras"]
[Date "2011.11.04"]
[Round "2.4"]
[White "Bensdorp, Marlies"]
[Black "Ohme, Melanie"]
[Result "0-1"]
[WhiteElo "2242"]
[BlackElo "2361"]
[PlyCount "66"]
[EventDate "2011.11.03"]
[EventType "team"]
[EventRounds "9"]
[EventCountry "GRE"]
[Source "lmi"]
[SourceDate "2011.11.03"]

1. d4 Nf6 2. c4 e6 3. Nf3 b6 4. g3 Ba6 5. Qa4 Bb7 6. Bg2 Be7 7. O-O O-O 8. Nc3
d6 9. Rd1 Nbd7 10. b4 c5 11. dxc5 bxc5 12. b5 d5 13. cxd5 exd5 14. Nh4 Nb6 15.
Qc2 g6 16. a4 a5 17. e4 d4 18. e5 Nfd5 19. Nxd5 Bxd5 20. Bh6 Re8 21. e6 Rc8 22.
exf7+ Kxf7 23. Nf3 Bf6 24. Qd2 Kg8 25. h4 Nc4 26. Qc1 Nd6 27. Bg5 Ne4 28. Bf4
Nc3 29. Re1 Ne2+ 30. Rxe2 Rxe2 31. Qa3 c4 32. Rd1 d3 33. Be3 Bb2 0-1

[Event "Europa tch 2011 femenino"]
[Site "Porto Carras"]
[Date "2011.11.04"]
[Round "2.4"]
[White "Levushkina, Elena"]
[Black "Haast, Anne"]
[Result "0-1"]
[WhiteElo "2307"]
[BlackElo "2268"]
[PlyCount "120"]
[EventDate "2011.11.03"]
[EventType "team"]
[EventRounds "9"]
[EventCountry "GRE"]
[Source "lmi"]
[SourceDate "2011.11.03"]

1. e4 c5 2. Nc3 Nc6 3. f4 e6 4. Nf3 d5 5. Bb5 Nf6 6. d3 Be7 7. O-O O-O 8. Bxc6
bxc6 9. Qe2 Rb8 10. b3 Qc7 11. Na4 c4 12. e5 Nd7 13. dxc4 Ba6 14. f5 exf5 15.
e6 Nc5 16. exf7+ Rxf7 17. Ng5 Nxa4 18. Nxf7 Bc5+ 19. Kh1 Qxf7 20. Bf4 Re8 21.
Qd2 Nb6 22. Qa5 Bd4 23. c3 Bxc4 24. bxc4 Nxc4 25. Qb4 Bb6 26. Rae1 Re4 27. Qb1
Qe6 28. Qc1 h6 29. Rxe4 fxe4 30. Re1 Qf6 31. Rf1 Qe6 32. Re1 Ba5 33. Be3 Qe7
34. Rd1 Bb6 35. Bxb6 axb6 36. Qf4 Qg5 37. Qxg5 hxg5 38. Kg1 Kf7 39. Rf1+ Ke6
40. Rf8 c5 41. Kf2 d4 42. Re8+ Kd5 43. Rd8+ Nd6 44. cxd4 cxd4 45. Rd7 g6 46. g3
d3 47. Ke3 Kc6 48. Rd8 Kc7 49. Rf8 Nc4+ 50. Kxe4 d2 51. Rf1 Nb2 52. Ke5 d1=Q
53. Rxd1 Nxd1 54. Kf6 g4 55. Kxg6 Nf2 56. Kf5 Kd6 57. Kf4 Kd5 58. Ke3 Nh3 59.
Kd3 Ng5 60. Ke3 Ke5 0-1

[Event "Europa tch 2011 femenino"]
[Site "Porto Carras"]
[Date "2011.11.04"]
[Round "2.4"]
[White "Michna, Marta"]
[Black "Schut, Lisa"]
[Result "1-0"]
[WhiteElo "2382"]
[BlackElo "2284"]
[PlyCount "93"]
[EventDate "2011.11.03"]
[EventType "team"]
[EventRounds "9"]
[EventCountry "GRE"]
[Source "lmi"]
[SourceDate "2011.11.03"]

1. Nf3 Nf6 2. g3 g6 3. Bg2 Bg7 4. O-O d5 5. d3 O-O 6. c3 c5 7. Qc2 Nc6 8. e4
Qc7 9. Re1 dxe4 10. dxe4 Rd8 11. Bf4 e5 12. Be3 b6 13. Bf1 Kh8 14. Bg5 h6 15.
Bxf6 Bxf6 16. Nbd2 Bg5 17. Nc4 Be6 18. h4 Bf6 19. Ne3 Na5 20. h5 gxh5 21. Nd5
Bxd5 22. exd5 Rxd5 23. Qf5 Bg7 24. Bd3 Rxd3 25. Qxd3 Nb7 26. Qf5 Nd6 27. Qxh5
e4 28. Ne5 Kh7 29. Rad1 Re8 30. Rxd6 Rxe5 31. Qd1 Qe7 32. Rd7 Qe6 33. Rxa7 Rd5
34. Qe2 f5 35. Rd1 Qd6 36. Rxd5 Qxd5 37. a4 c4 38. Rc7 Qd6 39. Rxc4 Kg6 40. g4
Qf4 41. gxf5+ Kxf5 42. Qh5+ Kf6 43. a5 bxa5 44. Rc6+ Ke7 45. Qc5+ Ke8 46. Rc8+
Kf7 47. Qc7+ 1-0